[Event "Sri Lanka Women's National B Chess Championship 20"]
[Site "SLIIT, Malabe"]
[Date "2015.06.21"]
[Round "5"]
[Board "11"]
[White "Tennakoonwela, Pamudie Sasankh"]
[Black "Gunawardana, I M T M"]
[Result "1/2-1/2"]
[WhiteElo "1377"]
[BlackElo "1466"]
[PlyCount "44"]
[EventDate "2015.05.19"]
[EventRounds "10"]
[EventCountry "SRI"]

1. d4 Nf6 2. Nf3 c5 3. e3 g6 4. Bd3 Bg7 5. c3 O-O 6. O-O a6 7. b4 cxb4 8. cxb4
b5 9. a4 Nc6 10. Qb3 bxa4 11. Rxa4 Qb6 12. Bd2 Bb7 13. b5 axb5 14. Rxa8 Rxa8
15. Qxb5 Qxb5 16. Bxb5 Ne4 17. Nc3 Nxd2 18. Nxd2 f5 19. g3 Kf8 20. Rb1 Rd8 21.
Bf1 Ba8 22. Bg2 e6 1/2-1/2

[Event "Sri Lanka Women's National B Chess Championship 20"]
[Site "SLIIT, Malabe"]
[Date "2015.06.21"]
[Round "5"]
[Board "12"]
[White "Waduge, T S H A"]
[Black "Abeysinghe, H M H Janandani"]
[Result "0-1"]
[WhiteElo "1208"]
[BlackElo "1444"]
[PlyCount "110"]
[EventDate "2015.05.19"]
[EventRounds "10"]
[EventCountry "SRI"]

1. d4 d5 2. c4 e6 3. Nc3 c6 4. cxd5 exd5 5. Bf4 Nf6 6. Nf3 Be7 7. e3 O-O 8. Be2
Bg4 9. h3 Bxf3 10. Bxf3 Bd6 11. Bxd6 Qxd6 12. O-O Nbd7 13. Rb1 Rfe8 14. b4 a6
15. a4 Rec8 16. b5 cxb5 17. Qb3 bxa4 18. Nxa4 b5 19. Nc3 Nb6 20. Rfd1 h6 21.
Rdc1 Nc4 22. Rd1 Qc6 23. Rbc1 Qd6 24. e4 dxe4 25. Nxe4 Nxe4 26. Bxe4 Ra7 27. d5
Rac7 28. Bd3 Ne5 29. Rxc7 Rxc7 30. Be4 g6 31. Rb1 Nc4 32. Qd1 Qe5 33. Bf3 Nd6
34. Rc1 Qe7 35. Qd2 Kh7 36. Re1 Qg5 37. Qa5 Ra7 38. Qb6 Nc8 39. Qc6 Re7 40.
Rxe7 Nxe7 41. Qe8 Qc1+ 42. Kh2 Qc7+ 43. Kg1 Kg7 44. g3 b4 45. Qa4 a5 46. Kg2
Nc8 47. Qa1+ f6 48. Be4 Nd6 49. Bd3 Qc3 50. Qxc3 bxc3 51. Bc2 Nb5 52. Bb1 Na3
53. Bxg6 Kxg6 54. d6 Kf7 55. d7 Ke7 0-1

[Event "Sri Lanka Women's National B Chess Championship 20"]
[Site "SLIIT, Malabe"]
[Date "2015.06.21"]
[Round "5"]
[Board "14"]
[White "Yapa Bandara, Chamodya"]
[Black "Athukorala, Shavindi Uddeepana"]
[Result "1-0"]
[WhiteElo "1460"]
[BlackElo "1331"]
[PlyCount "75"]
[EventDate "2015.05.19"]
[EventRounds "10"]
[EventCountry "SRI"]

1. e4 c5 2. Nf3 Nc6 3. d4 cxd4 4. Nxd4 a6 5. c4 Qc7 6. Nc3 e6 7. Be3 Nge7 8. a3
Ng6 9. b4 Nxd4 10. Qxd4 e5 11. Qd2 d6 12. Nd5 Qb8 13. Nb6 Be6 14. Nxa8 Qxa8 15.
Rc1 Be7 16. c5 dxc5 17. Bxc5 O-O 18. Be2 Rd8 19. Qb2 Bf6 20. O-O Bg5 21. Rcd1
Rc8 22. a4 Bd8 23. Bd6 Bf6 24. Rc1 Rd8 25. Rcd1 b6 26. Bc7 Rxd1 27. Rxd1 Qxe4
28. Bf3 Qf5 29. Qe2 Bb3 30. Rc1 h6 31. Bxb6 Bxa4 32. Qxa6 Bd7 33. h3 Kh7 34.
Bg4 Qe4 35. Bxd7 Nf4 36. f3 Qxb4 37. Be3 Nd5 38. Qd3+ 1-0

[Event "Sri Lanka Women's National B Chess Championship 20"]
[Site "SLIIT, Malabe"]
[Date "2015.06.21"]
[Round "5"]
[Board "15"]
[White "Tharuki, A V G Irushi"]
[Black "Sarathchandra, Gihansa M"]
[Result "0-1"]
[WhiteElo "1192"]
[BlackElo "1297"]
[PlyCount "102"]
[EventDate "2015.05.19"]
[EventRounds "10"]
[EventCountry "SRI"]

1. e4 d5 2. exd5 Qxd5 3. Nc3 Qa5 4. Bc4 Nf6 5. Nf3 Bf5 6. h3 e6 7. O-O c6 8.
Re1 Bd6 9. Nh4 O-O 10. d3 h6 11. Nf3 Nbd7 12. Bd2 Qc7 13. a3 Rfe8 14. Bb3 Rad8
15. Rc1 a6 16. Be3 Bh7 17. Kh1 Kh8 18. Kg1 Qa5 19. Bd2 Qc7 20. Be3 Kg8 21. Kh1
Qa5 22. Bd2 Kh8 23. Ba2 Qc5 24. Na4 Qa7 25. Be3 Qb8 26. Nc3 Qc7 27. Bb3 Kg8 28.
Ba2 Qa5 29. Bb3 Qc7 30. Ra1 Nd5 31. Bxd5 exd5 32. Rc1 Nf6 33. Na4 Qa5 34. Nc3
c5 35. Bd2 Qc7 36. Rxe8+ Rxe8 37. Na2 Bf5 38. b4 b6 39. bxc5 bxc5 40. Be1 Be6
41. d4 a5 42. c3 c4 43. Qa4 Bd7 44. Qc2 Bxa3 45. Ra1 Bd6 46. Bd2 Rb8 47. Nc1 a4
48. Be3 a3 49. Rb1 Rxb1 50. Qxb1 Qa5 51. Bd2 Qc7 {(Unclear Recording)} 0-1

[Event "Sri Lanka Women's National B Chess Championship 20"]
[Site "SLIIT, Malabe"]
[Date "2015.06.21"]
[Round "6"]
[Board "1"]
[White "Premanath, Dinushki"]
[Black "Wickramasinghe, Dilhara Ishini"]
[Result "1-0"]
[WhiteElo "1854"]
[BlackElo "1698"]
[PlyCount "114"]
[EventDate "2015.05.19"]
[EventRounds "10"]
[EventCountry "SRI"]

1. e4 c5 2. Nf3 d6 3. d4 cxd4 4. Nxd4 Nf6 5. Nc3 g6 6. Be3 Bg7 7. f3 a6 8. Qd2
Nbd7 9. Bh6 Bxh6 10. Qxh6 b5 11. a3 Bb7 12. O-O-O Qb6 13. Qd2 Nc5 14. Na2 Rc8
15. Kb1 Qc7 16. Nc3 Qb6 17. Na2 Qc7 18. Bd3 Nxd3 19. cxd3 Qb6 20. Nb3 O-O 21.
h4 Rc7 22. g4 Rfc8 23. Rc1 Rxc1+ 24. Naxc1 Qc7 25. Ne2 Qd7 26. h5 e5 27. Qg5
Ne8 28. f4 exf4 29. Nxf4 f6 30. Qh6 g5 31. Rg1 gxf4 32. Qxf4 Kh8 33. g5 Qf7 34.
g6 Qe7 35. Nd4 Rc5 36. Nf5 Rxf5 37. exf5 Bd5 38. h6 Qe2 39. Qg3 Qe5 40. Qxe5
dxe5 41. Rc1 hxg6 42. fxg6 Be6 43. Rg1 Bf5 44. Kc2 Bxg6 45. Rxg6 Kh7 46. Rg1
Kxh6 47. Kd2 Nd6 48. Ke3 Kh5 49. Rg8 Kh4 50. Rg6 Nf5+ 51. Kf3 Nd4+ 52. Ke4 Nb3
53. Rxf6 Nc5+ 54. Kxe5 Nxd3+ 55. Kd4 Nxb2 56. Rxa6 Nc4 57. Kc5 Ne5 1-0

[Event "Sri Lanka Women's National B Chess Championship 20"]
[Site "SLIIT, Malabe"]
[Date "2015.06.21"]
[Round "6"]
[Board "2"]
[White "Gamage, Nethmi Nirasha"]
[Black "Pasqual, Anuki"]
[Result "1-0"]
[WhiteElo "1514"]
[BlackElo "1423"]
[PlyCount "91"]
[EventDate "2015.05.19"]
[EventRounds "10"]
[EventCountry "SRI"]

1. d4 Nf6 2. c4 g6 3. Nc3 Bg7 4. e4 d6 5. Nf3 O-O 6. Be2 e5 7. d5 Nbd7 8. Bg5
h6 9. Bh4 a6 10. b4 Qe8 11. Nd2 Nh7 12. f3 Ndf6 13. Bf2 Nh5 14. O-O Nf4 15. c5
Nxe2+ 16. Qxe2 Qe7 17. a4 f5 18. Nb3 f4 19. b5 g5 20. c6 b6 21. a5 axb5 22.
axb6 Rxa1 23. Rxa1 cxb6 24. Nxb5 Nf6 25. Na7 g4 26. Nxc8 Rxc8 27. Qa6 Qe8 28.
Bxb6 gxf3 29. gxf3 Nh7 30. Kf2 Ng5 31. Nd2 Bf6 32. Ke2 Nh3 33. Bf2 Rb8 34. c7
Rc8 35. Qxd6 Nxf2 36. Rg1+ Kf7 37. Kxf2 Bg5 38. Qb6 Qd7 39. d6 Be7 40. Nc4 Bh4+
41. Ke2 Bf6 42. Qc5 Re8 43. Qd5+ Re6 44. Nb6 Qxd6 45. Qxd6 Rxd6 46. c8=Q 1-0

[Event "Sri Lanka Women's National B Chess Championship 20"]
[Site "SLIIT, Malabe"]
[Date "2015.06.21"]
[Round "6"]
[Board "6"]
[White "Abeysinghe, H M H Janandani"]
[Black "Askey, Roshell Nathasha"]
[Result "0-1"]
[WhiteElo "1444"]
[BlackElo "1637"]
[PlyCount "128"]
[EventDate "2015.05.19"]
[EventRounds "10"]
[EventCountry "SRI"]

1. e4 e6 2. d4 d5 3. Nc3 Bb4 4. e5 Ne7 5. a3 Bxc3+ 6. bxc3 Ng6 7. Bd3 c5 8. f4
Qc7 9. Nf3 c4 10. Bxg6 hxg6 11. O-O Nc6 12. Be3 Bd7 13. Qd2 O-O-O 14. Rfb1 f6
15. Rb2 Rh5 16. Rab1 b6 17. h3 Rg8 18. Kf2 Qd8 19. Rh1 Qf8 20. Ra2 g5 21. Ke1
gxf4 22. Bxf4 fxe5 23. Bxe5 Qf5 24. Qf4 Qg6 25. Bd6 e5 26. Nxe5 Nxe5 27. Bxe5
Qxg2 28. Rh2 Qg5 29. Qxg5 Rxg5 30. Kd2 Rh5 31. Ra1 Rxh3 32. Rxh3 Bxh3 33. Rh1
Bf5 34. Rh5 Be4 35. Rg5 g6 36. Rg4 Rf8 37. Rf4 Rxf4 38. Bxf4 b5 39. Bg5 Kd7 40.
Bf4 Ke6 41. Bb8 a6 42. Bc7 Kf5 43. Ke3 g5 44. Kf2 g4 45. Ba5 Bxc2 46. Bb4 Ke4
47. Ba5 Bd1 48. Bb4 Kd3 49. Ba5 Kc2 50. Bb4 Kb3 51. Kg3 Ka4 52. Bc5 a5 53. Kf2
Kb3 54. Bb6 Kxc3 55. Bxa5+ Kxd4 56. Bb4 c3 57. Ke1 c2 58. Bd2 Kc4 59. Bf4 Kb3
60. Bc1 Ka2 61. a4 bxa4 62. Kf2 Kb1 63. Bf4 c1=Q 64. Bxc1 Kxc1 0-1

[Event "Sri Lanka Women's National B Chess Championship 20"]
[Site "SLIIT, Malabe"]
[Date "2015.06.21"]
[Round "6"]
[Board "7"]
[White "Jayaweera, Sayuni Gihansa"]
[Black "Balasuriya, Sajini Hasara"]
[Result "1/2-1/2"]
[WhiteElo "1437"]
[BlackElo "1571"]
[PlyCount "42"]
[EventDate "2015.05.19"]
[EventRounds "10"]
[EventCountry "SRI"]

1. d4 d5 2. c4 c6 3. Nf3 Nf6 4. g3 e6 5. Bg2 Be7 6. Qc2 Nbd7 7. Nbd2 b6 8. e4
dxe4 9. Nxe4 Bb4+ 10. Bd2 Bxd2+ 11. Nfxd2 Nxe4 12. Nxe4 O-O 13. O-O Rb8 14. Nd6
Qc7 15. Nxc8 Rbxc8 16. Rfd1 Nf6 17. Qe2 Rcd8 18. Rac1 Qe7 19. a3 Rd7 20. Rd2
Qd8 21. Rcd1 Rc7 1/2-1/2

[Event "Sri Lanka Women's National B Chess Championship 20"]
[Site "SLIIT, Malabe"]
[Date "2015.06.21"]
[Round "6"]
[Board "8"]
[White "Peiris, H Pevinya"]
[Black "Wijesuriya, G P Y"]
[Result "1-0"]
[WhiteElo "1563"]
[BlackElo "1408"]
[PlyCount "51"]
[EventDate "2015.05.19"]
[EventRounds "10"]
[EventCountry "SRI"]

1. e4 e5 2. Nf3 Nc6 3. Bb5 a6 4. Ba4 Nf6 5. O-O Be7 6. d3 b5 7. Bb3 O-O 8. c3
d5 9. Nbd2 dxe4 10. dxe4 Bg4 11. Qe2 Bd6 12. Re1 Na5 13. Bc2 Re8 14. h3 Bh5 15.
Nf1 Bg6 16. Bg5 h6 17. Bh4 Nc6 18. Rad1 Qc8 19. Bxf6 gxf6 20. Nh4 Bf8 21. Bb3
Ne7 22. Nxg6 Nxg6 23. Qh5 c5 24. Qxg6+ Kh8 25. Bxf7 Re7 26. Qg8# 1-0

[Event "Sri Lanka Women's National B Chess Championship 20"]
[Site "SLIIT, Malabe"]
[Date "2015.06.21"]
[Round "6"]
[Board "9"]
[White "Rajapaksa, Miyuni Kavinya"]
[Black "Yapa Bandara, Chamodya"]
[Result "1-0"]
[WhiteElo "1583"]
[BlackElo "1460"]
[PlyCount "55"]
[EventDate "2015.05.19"]
[EventRounds "10"]
[EventCountry "SRI"]

1. e4 c5 2. Nf3 d6 3. d4 cxd4 4. Nxd4 Nf6 5. Nc3 a6 6. Be3 e5 7. Nf3 Qc7 8. Qd2
h6 9. h3 Be7 10. Be2 Be6 11. Nh2 Nbd7 12. f3 Nh5 13. O-O-O Ng3 14. Rhe1 Nxe2+
15. Rxe2 b5 16. Nd5 Bxd5 17. exd5 Nc5 18. Ng4 Kd7 19. Qc3 Rhc8 20. f4 exf4 21.
Bxc5 Qxc5 22. Qxg7 Rf8 23. Nxh6 Qc4 24. Rde1 Rae8 25. Nf5 Bf6 26. Qxf6 Rxe2 27.
Qxd6+ Ke8 28. Ng7# 1-0

[Event "Sri Lanka Women's National B Chess Championship 20"]
[Site "SLIIT, Malabe"]
[Date "2015.06.21"]
[Round "6"]
[Board "10"]
[White "Gunawardana, I M T M"]
[Black "Thuduwage, Yasasirini Pabasara"]
[Result "0-1"]
[WhiteElo "1466"]
[BlackElo "1373"]
[PlyCount "82"]
[EventDate "2015.05.19"]
[EventRounds "10"]
[EventCountry "SRI"]

1. e4 c5 2. Nf3 d6 3. Bb5+ Bd7 4. Bxd7+ Nxd7 5. O-O Ngf6 6. Re1 e6 7. c3 Qc7 8.
d4 cxd4 9. cxd4 d5 10. e5 Ne4 11. Nbd2 Nxd2 12. Bxd2 Nb6 13. Rc1 Qd7 14. Re3
Nc4 15. Rec3 Nxb2 16. Qb3 Nc4 17. Bf4 a5 18. a4 Bb4 19. R3c2 O-O 20. Qd3 h6 21.
g4 g5 22. Bg3 Qe7 23. h4 f5 24. exf6 Qxf6 25. Kg2 gxh4 26. Nxh4 Qg7 27. Ng6 Rf6
28. Ne5 Nxe5 29. dxe5 Rf7 30. Qd4 Raf8 31. Rg1 Qg6 32. Re2 Qg5 33. Kh1 Rg7 34.
Kh2 Qxg4 35. Qxg4 Rxg4 36. Rc2 Rf7 37. Rgc1 Rgg7 38. Bh4 Be7 39. Bxe7 Rxe7 40.
Rc5 Ref7 41. Rxa5 Rf5 0-1

[Event "Sri Lanka Women's National B Chess Championship 20"]
[Site "SLIIT, Malabe"]
[Date "2015.06.21"]
[Round "6"]
[Board "11"]
[White "Udagedara, Sandali Kanishka"]
[Black "Tennakoonwela, Pamudie Sasankh"]
[Result "1/2-1/2"]
[WhiteElo "1492"]
[BlackElo "1377"]
[PlyCount "106"]
[EventDate "2015.05.19"]
[EventRounds "10"]
[EventCountry "SRI"]

1. d4 d5 2. e3 e6 3. Bd3 c6 4. c3 Bd6 5. Nd2 Nd7 6. f4 f5 7. Ngf3 Ngf6 8. h3
Ne4 9. g4 g6 10. Nf1 Ndf6 11. Ne5 Nd7 12. g5 Bxe5 13. dxe5 Ndc5 14. Bxe4 Nxe4
15. Qf3 Bd7 16. h4 Qe7 17. Nd2 O-O-O 18. a4 Be8 19. Ra3 Rd7 20. b4 Bf7 21. Rb3
Rhd8 22. Ba3 b5 23. axb5 cxb5 24. Ke2 Rc7 25. Bb2 Kb8 26. Ra1 Rdd7 27. Ra5 Rb7
28. Ke1 Qd8 29. Qe2 Qb6 30. Rba3 Be8 31. Ra6 Qc7 32. Rxe6 Re7 33. Rxe7 Qxe7 34.
Qd3 Bc6 35. Ra6 Qc7 36. Nxe4 fxe4 37. Qd4 Rb6 38. Rxb6+ Qxb6 39. Qxb6+ axb6 40.
Kf2 Bd7 41. Ke2 Kc7 42. Kd2 Kc6 43. Ke2 Bf5 44. Kf2 Be6 45. Kg3 Bf5 46. Ba1 Be6
47. h5 Bf5 48. Kh4 Be6 49. hxg6 hxg6 50. Kg3 Bf5 51. Kf2 Be6 52. Ke2 Bf5 53.
Kd2 Be6 1/2-1/2

[Event "Sri Lanka Women's National B Chess Championship 20"]
[Site "SLIIT, Malabe"]
[Date "2015.06.21"]
[Round "6"]
[Board "12"]
[White "Tharushi, T H D Niklesha"]
[Black "Hewawasam, Nevanjee Dimanya"]
[Result "0-1"]
[WhiteElo "1508"]
[BlackElo "1277"]
[PlyCount "76"]
[EventDate "2015.05.19"]
[EventRounds "10"]
[EventCountry "SRI"]

1. d4 Nf6 2. c4 g6 3. Nc3 Bg7 4. e4 d6 5. Nf3 O-O 6. Be2 e5 7. O-O Nc6 8. d5
Ne7 9. b4 Nd7 10. Ne1 f5 11. Nd3 Nf6 12. f3 f4 13. Ba3 g5 14. c5 Ng6 15. b5 Rf7
16. Bb4 Bf8 17. a4 h5 18. c6 b6 19. Nf2 Rg7 20. a5 Nh8 21. axb6 cxb6 22. Bc4 g4
23. Nd3 g3 24. Nxe5 Nh7 25. Nd7 Qh4 26. h3 Ng5 27. Qd2 Ng6 28. Bb3 Ne5 29. Nxe5
Bxh3 30. gxh3 g2 31. Kxg2 Nxe4+ 32. Kh2 Qg3+ 33. Kh1 Nxd2 34. Ng4 Qxh3+ 35. Kg1
Nxf1 36. Rxf1 hxg4 37. fxg4 Rxg4+ 38. Kf2 Qe3# 0-1

[Event "Sri Lanka Women's National B Chess Championship 20"]
[Site "SLIIT, Malabe"]
[Date "2015.06.21"]
[Round "6"]
[Board "13"]
[White "Dissanayake, R K Janani"]
[Black "Rodrigo, T M Janudi"]
[Result "1/2-1/2"]
[WhiteElo "1224"]
[BlackElo "1421"]
[PlyCount "95"]
[EventDate "2015.05.19"]
[EventRounds "10"]
[EventCountry "SRI"]

1. e4 d5 2. exd5 Qxd5 3. Nc3 Qa5 4. d4 Nf6 5. Nf3 c6 6. Bc4 e6 7. Bd2 Qc7 8.
Qe2 Bd6 9. O-O-O b5 10. Bd3 a5 11. Ne5 a4 12. Nb1 b4 13. Bc4 Ba6 14. Bxa6 Nxa6
15. Qc4 O-O 16. Rhe1 c5 17. Bf4 Rfd8 18. dxc5 Qxc5 19. Qxc5 Bxc5 20. f3 Rac8
21. Be3 Bd6 22. Bb6 Nc7 23. Nc6 Bf4+ 24. Be3 Rxd1+ 25. Kxd1 Ncd5 26. Bxf4 Rxc6
27. Bg3 Nh5 28. Bf2 Rd6 29. Kc1 Rc6 30. Re4 Nhf4 31. g3 Nd3+ 32. Kd2 Nxf2 33.
Rd4 g6 34. c4 bxc3+ 35. Nxc3 Nxc3 36. bxc3 Nh3 37. Rxa4 Ng5 38. f4 Nf3+ 39. Kd3
Nxh2 40. Ra8+ Kg7 41. a4 Ng4 42. a5 Nf2+ 43. Kd4 Kf6 44. a6 Rc7 45. c4 Nd1 46.
Rb8 Ra7 47. Rb6 Kf5 48. c5 1/2-1/2

[Event "Sri Lanka Women's National B Chess Championship 20"]
[Site "SLIIT, Malabe"]
[Date "2015.06.21"]
[Round "6"]
[Board "15"]
[White "Sarathchandra, Gihansa M"]
[Black "Waduge, T S H A"]
[Result "1-0"]
[WhiteElo "1297"]
[BlackElo "1208"]
[PlyCount "125"]
[EventDate "2015.05.19"]
[EventRounds "10"]
[EventCountry "SRI"]

1. e4 c5 2. Nc3 e6 3. f4 a6 4. Nf3 d5 5. d3 Nc6 6. Bd2 Nf6 7. e5 Ng8 8. Ne2 b5
9. Ng3 Bd7 10. Be2 Nh6 11. O-O Ne7 12. Qe1 Nc6 13. Kh1 g6 14. Rg1 Bg7 15. h3
Rb8 16. Nf1 Nf5 17. c3 d4 18. g4 dxc3 19. bxc3 Nfe7 20. Qf2 Qb6 21. Be3 Qa5 22.
c4 bxc4 23. dxc4 Qc3 24. Ng3 Qa5 25. Bxc5 O-O 26. f5 exf5 27. gxf5 Nxe5 28.
Nxe5 Bxe5 29. Bxe7 Bxa1 30. Bxf8 Qxa2 31. Bd6 Re8 32. fxg6 fxg6 33. Rf1 Be6 34.
Qg1 Bxc4 35. Rxa1 Bd5+ 36. Kh2 Rxe2+ 37. Nxe2 Qxe2+ 38. Kg3 Qd3+ 39. Kf2 Qf3+
40. Ke1 Qc3+ 41. Ke2 Bc4+ 42. Kf2 Qf6+ 43. Kg2 Bd5+ 44. Kh2 Qxd6+ 45. Qg3 Qb4
46. Rf1 a5 47. Qf4 Bc4 48. Rf2 Qc5 49. Rc2 Qb4 50. Qxc4+ Qxc4 51. Rxc4 Kg7 52.
Ra4 Kh6 53. Rxa5 Kg7 54. Kg3 Kh6 55. Kg4 Kg7 56. h4 h5+ 57. Kg5 Kf7 58. Ra6 Kg7
59. Rxg6+ Kh7 60. Kxh5 Kh8 61. Ra6 Kg7 62. Kg5 Kf7 63. h5 1-0

[Event "Sri Lanka Women's National B Chess Championship 20"]
[Site "SLIIT, Malabe"]
[Date "2015.06.27"]
[Round "7"]
[Board "1"]
[White "Wickramasinghe, Dilhara Ishini"]
[Black "Gamage, Nethmi Nirasha"]
[Result "1/2-1/2"]
[WhiteElo "1698"]
[BlackElo "1514"]
[PlyCount "48"]
[EventDate "2015.05.19"]
[EventRounds "10"]
[EventCountry "SRI"]

1. d4 Nf6 2. c4 e6 3. a3 d5 4. Nc3 c6 5. e3 Nbd7 6. Nf3 Bd6 7. Qc2 O-O 8. Bd3
dxc4 9. Bxc4 b5 10. Be2 a6 11. O-O Bb7 12. e4 e5 13. Rd1 Re8 14. dxe5 Bxe5 15.
Nxe5 Rxe5 16. Bf4 Re8 17. Bd6 Qb6 18. Bf4 Ne5 19. Be3 Qc7 20. Nd5 Nxd5 21. exd5
Rad8 22. Qc5 Rd6 23. Rac1 Qb8 24. dxc6 Rxc6 1/2-1/2

[Event "Sri Lanka Women's National B Chess Championship 20"]
[Site "SLIIT, Malabe"]
[Date "2015.06.27"]
[Round "7"]
[Board "2"]
[White "Kodikara, K K M Sachintha"]
[Black "Premanath, Dinushki"]
[Result "0-1"]
[WhiteElo "1474"]
[BlackElo "1854"]
[PlyCount "70"]
[EventDate "2015.05.19"]
[EventRounds "10"]
[EventCountry "SRI"]

1. Nf3 c5 2. g3 Nc6 3. Bg2 g6 4. d3 Bg7 5. e4 d6 6. O-O Nf6 7. Nbd2 O-O 8. Re1
e5 9. b3 Be6 10. Bb2 a6 11. a3 Rc8 12. Qe2 b5 13. Bc3 Nd4 14. Qd1 Qb6 15. Rb1
Qc7 16. Rc1 Rfd8 17. Bxd4 cxd4 18. h3 Bh6 19. g4 Bf4 20. Re2 Qd7 21. Ra1 h5 22.
g5 Nh7 23. h4 f6 24. gxf6 Nxf6 25. Ne1 Ng4 26. Bh3 Rf8 27. Bxg4 Bxg4 28. f3 Bh3
29. Ra2 Qe7 30. Ng2 Bxg2 31. Rxg2 Qxh4 32. a4 Be3+ 33. Kf1 Qh1+ 34. Ke2 Qxg2+
35. Ke1 Qf2# 0-1

[Event "Sri Lanka Women's National B Chess Championship 20"]
[Site "SLIIT, Malabe"]
[Date "2015.06.27"]
[Round "7"]
[Board "4"]
[White "Askey, Roshell Nathasha"]
[Black "Nonis, P A R R"]
[Result "1-0"]
[WhiteElo "1637"]
[BlackElo "1488"]
[PlyCount "81"]
[EventDate "2015.05.19"]
[EventRounds "10"]
[EventCountry "SRI"]

1. e4 c5 2. Nf3 d6 3. d4 cxd4 4. Nxd4 Nf6 5. Nc3 g6 6. Be3 Bg7 7. h3 Nc6 8. g4
Qa5 9. Bg2 Bd7 10. O-O O-O 11. Nb3 Qd8 12. f4 Qc8 13. f5 Ne5 14. g5 Nc4 15.
gxf6 Nxe3 16. Nd5 Nxd1 17. Nxe7+ Kh8 18. fxg7+ Kxg7 19. Nxc8 Ne3 20. f6+ Kh8
21. Nxd6 Nxf1 22. Bxf1 b6 23. e5 Kg8 24. Bg2 Rad8 25. Nd4 Be8 26. c3 Kh8 27.
Kh2 Rd7 28. Nxe8 Rxe8 29. Bc6 Rxd4 30. cxd4 Rc8 31. Be4 Rd8 32. Rd1 Kg8 33. Kg3
Kf8 34. d5 Re8 35. Kf4 h6 36. Rc1 a6 37. Rc7 Rd8 38. d6 Ke8 39. Re7+ Kf8 40.
Bc6 Rc8 41. d7 1-0

[Event "Sri Lanka Women's National B Chess Championship 20"]
[Site "SLIIT, Malabe"]
[Date "2015.06.27"]
[Round "7"]
[Board "5"]
[White "Pasqual, Anuki"]
[Black "Peiris, H Pevinya"]
[Result "0-1"]
[WhiteElo "1423"]
[BlackElo "1563"]
[PlyCount "62"]
[EventDate "2015.05.19"]
[EventRounds "10"]
[EventCountry "SRI"]

1. e4 d5 2. exd5 Qxd5 3. Nc3 Qd6 4. d4 Nf6 5. Nf3 a6 6. Bc4 Bg4 7. O-O Nc6 8.
Be3 Rb8 9. Be2 g6 10. Na4 Nd5 11. Nc5 Nxe3 12. fxe3 Bh6 13. Qd3 O-O 14. c3 e5
15. Ne4 Qe7 16. d5 Rbd8 17. c4 f5 18. Nf2 e4 19. Qb3 exf3 20. gxf3 Bxe3 21.
fxg4 Nd4 22. Qd3 f4 23. Rae1 Rfe8 24. Bd1 Qh4 25. Kg2 f3+ 26. Kh1 Bxf2 27.
Rxe8+ Rxe8 28. Bxf3 Bg3 29. Qd2 Nxf3 30. Rxf3 Re1+ 31. Kg2 Qxh2# 0-1

[Event "Sri Lanka Women's National B Chess Championship 20"]
[Site "SLIIT, Malabe"]
[Date "2015.06.27"]
[Round "7"]
[Board "6"]
[White "De Silva, Chamindra"]
[Black "Jayaweera, Sayuni Gihansa"]
[Result "1-0"]
[WhiteElo "1509"]
[BlackElo "1437"]
[PlyCount "117"]
[EventDate "2015.05.19"]
[EventRounds "10"]
[EventCountry "SRI"]

1. e4 c5 2. Nf3 Nc6 3. d4 cxd4 4. Nxd4 e5 5. Nf3 d6 6. Nc3 Nf6 7. h3 Be7 8. Bc4
Be6 9. Bb3 O-O 10. Be3 a6 11. Ng5 Bxb3 12. cxb3 b5 13. a3 h6 14. Nf3 Rc8 15.
O-O a5 16. Qd2 b4 17. Nd5 Nxd5 18. Qxd5 Kh8 19. Nd2 f5 20. f4 exf4 21. Bxf4
Qb6+ 22. Kh1 Qd4 23. Rac1 Qxd5 24. exd5 Ne5 25. Bxe5 dxe5 26. Nc4 Rfd8 27. Nxe5
Rxc1 28. Rxc1 Kh7 29. Nc6 Bg5 30. Rd1 Ra8 31. a4 Bf6 32. Rd2 Bg5 33. Rc2 Bf4
34. Kg1 Re8 35. Kf1 Bg3 36. Re2 Rxe2 37. Kxe2 Bc7 38. Kd3 Kg6 39. Kc4 Kg5 40.
Kc5 Kf4 41. d6 Bxd6+ 42. Kxd6 Kg3 43. Nxa5 f4 44. Nc4 Kxg2 45. a5 Kxh3 46. a6
g5 47. a7 h5 48. a8=Q Kg3 49. Nd2 g4 50. Qh1 h4 51. Qg1+ Kh3 52. Nf1 g3 53. Ke5
f3 54. Qh1+ Kg4 55. Ne3+ Kg5 56. Qxf3 Kh6 57. Kf6 g2 58. Qxg2 Kh5 59. Qg5# 1-0

[Event "Sri Lanka Women's National B Chess Championship 20"]
[Site "SLIIT, Malabe"]
[Date "2015.06.27"]
[Round "7"]
[Board "7"]
[White "Balasuriya, Sajini Hasara"]
[Black "Rajapaksa, Miyuni Kavinya"]
[Result "0-1"]
[WhiteElo "1571"]
[BlackElo "1583"]
[PlyCount "86"]
[EventDate "2015.05.19"]
[EventRounds "10"]
[EventCountry "SRI"]

1. e4 c5 2. Nc3 Nc6 3. g3 g6 4. Bg2 Bg7 5. d3 e6 6. Be3 Nd4 7. Qd2 Ne7 8. Nge2
a6 9. O-O f5 10. Nd1 d6 11. c3 Nxe2+ 12. Qxe2 e5 13. Qd2 O-O 14. d4 fxe4 15.
dxc5 d5 16. Bg5 Be6 17. f3 Qc7 18. fxe4 Qxc5+ 19. Nf2 d4 20. cxd4 exd4 21. Nd3
Qc7 22. Bf4 Qb6 23. a3 Bc4 24. Rf3 Rac8 25. Bh3 Be6 26. Bg2 Nc6 27. Bd6 Rxf3
28. Bxf3 Na5 29. Bc5 Rxc5 30. Nxc5 Qxc5 31. b4 Qa7 32. Rd1 Nc4 33. Qg5 Qb6 34.
Kh1 Bf7 35. Qg4 Qd8 36. Qf4 Be5 37. Qc1 Be6 38. Be2 Nd6 39. Qc5 Bg7 40. e5 Nf5
41. Bf3 Bf8 42. Qc1 Bd5 43. Qf4 Bh6 0-1

[Event "Sri Lanka Women's National B Chess Championship 20"]
[Site "SLIIT, Malabe"]
[Date "2015.06.27"]
[Round "7"]
[Board "8"]
[White "Thuduwage, Yasasirini Pabasara"]
[Black "Abeysinghe, H M H Janandani"]
[Result "0-1"]
[WhiteElo "1373"]
[BlackElo "1444"]
[PlyCount "134"]
[EventDate "2015.05.19"]
[EventRounds "10"]
[EventCountry "SRI"]

1. Nf3 Nf6 2. g3 g6 3. Bg2 Bg7 4. d3 c5 5. O-O d6 6. Nbd2 Nc6 7. e4 O-O 8. Re1
Qc7 9. c3 Rb8 10. Nf1 a6 11. d4 cxd4 12. Nxd4 Nxd4 13. cxd4 Nd7 14. Be3 b5 15.
Re2 Qd8 16. Rc2 Nb6 17. b3 Bb7 18. Rac1 Na8 19. d5 Qd7 20. h4 Rbc8 21. h5 Rxc2
22. Rxc2 Rc8 23. Rxc8+ Bxc8 24. h6 Bf8 25. Qd4 f6 26. Nh2 g5 27. f3 Bxh6 28. g4
Bg7 29. Qd2 h6 30. Nf1 Qc7 31. Qf2 e6 32. Qd2 Kf8 33. Ng3 exd5 34. Qxd5 Nb6 35.
Qd4 Na8 36. Nh5 Qe7 37. Bc1 Nc7 38. Ba3 Ne8 39. Qd3 Qe5 40. Qc2 Bb7 41. Qd2 Kf7
42. Bb2 Qc5+ 43. Bd4 Qc7 44. Qb2 Qd7 45. Qd2 d5 46. Nxg7 Nxg7 47. exd5 Qxd5 48.
Qc3 Ne6 49. Bf2 Nf4 50. Qc2 Kg7 51. Qd2 Qe6 52. Bg3 Nxg2 53. Kxg2 Qxg4 54. Qc3
Qe6 55. Qc7+ Qf7 56. Qb6 Qd7 57. Bf2 Qc6 58. Qe3 g4 59. Qe7+ Kg6 60. Kf1 Qxf3
61. Qe8+ Kf5 62. Qh5+ Ke4 63. Qe8+ Kd3 64. Qg6+ Be4 65. Qxh6 Qd1+ 66. Be1 Qe2+
67. Kg1 Qg2# 0-1